Loading...
Poultry Production
| Hovedforfatter: | |
|---|---|
| Format: | Printed Book |
| Sprog: | English |
| Udgivet: |
New Delhi
Kalyani
2009
|
| LEADER | 00508nam a22001577a 4500 | ||
|---|---|---|---|
| 008 | 170511b xxu||||| |||| 00| 0 eng d | ||
| 020 | |a 9788127250904 | ||
| 082 | |a 636.5 |b SIN/PO | ||
| 100 | |a R.A.Singh | ||
| 245 | |a Poultry Production |c R.A.Singh | ||
| 260 | |a New Delhi |b Kalyani |c 2009 | ||
| 300 | |a 324 | ||
| 650 | |2 Poultry | ||
| 942 | |2 ddc |c BK | ||
| 999 | |c 21621 |d 21621 | ||
| 952 | |0 0 |1 0 |2 ddc |4 0 |6 636_500000000000000_SINPO |7 0 |9 21641 |a COVAS |b COVAS |d 2017-05-11 |l 7 |m 2 |o 636.5 SIN/PO |p 23071 |r 2019-08-03 |s 2019-08-01 |w 2017-05-11 |y BK | ||